[Event "3rd Split Open 2013"]
[Site "Split CRO"]
[Date "2013.08.16"]
[Round "7.5"]
[White "Jovanic,O"]
[Black "Bosiocic,Mari"]
[Result "1/2-1/2"]
[WhiteElo "2519"]
[BlackElo "2563"]

1.d4 Nf6 2.c4 e6 3.Nf3 c5 4.d5 d6 5.Nc3 exd5 6.cxd5 g6 7.h3 Bg7 8.e4 a6 9.a4 Nbd7
10.Bd3 Nh5 11.Bg5 Bf6 12.Bh6 Ne5 13.Be2 Nxf3+ 14.Bxf3 Ng7 15.Qd2 O-O 16.h4 Re8
17.Bg5 Bxg5 18.hxg5 Re5 19.Nd1 Rb8 20.a5 b5 21.axb6 Rxb6 22.Qa5 Re8 23.O-O Rb4
24.Qxd8 Rxd8 25.g3 Ne8 26.Re1 Nc7 27.Re3 Re8 28.Bg2 Kg7 29.Rc1 h6 30.gxh6+ Kxh6
31.f4 Rd4 32.Rb3 f5 33.Rb6 fxe4 34.Rxd6 e3 35.Nc3 Bg4 36.Rc6 Nb5 37.Nxb5 axb5
38.Re1 c4 39.Rb6 e2 40.Kf2 Rd1 41.f5 Bxf5 42.Bf3 Rxe1 43.Kxe1 Re3 44.g4 Bd3
45.Rf6 b4 46.d6 c3 47.bxc3 bxc3 48.g5+ Kg7 49.Bd5 Re8 50.Rf7+ Kh8 51.d7 Rd8
52.Re7 c2 53.Re8+ Kg7 54.Re7+ Kh8 55.Re8+  1/2-1/2

[Event "3rd Split Open 2013"]
[Site "Split CRO"]
[Date "2013.08.18"]
[Round "9.10"]
[White "Berthier,H"]
[Black "Sale,S"]
[Result "0-1"]
[WhiteElo "2223"]
[BlackElo "2409"]

1.d4 Nf6 2.c4 e6 3.Nf3 c5 4.d5 d6 5.Nc3 exd5 6.cxd5 g6 7.g3 Bg7 8.Bg2 O-O
9.O-O a6 10.a4 Re8 11.h3 Ne4 12.Nxe4 Rxe4 13.Nd2 Rb4 14.Qc2 Nd7 15.Ra2 b5
16.axb5 Rxb5 17.Nc4 Ne5 18.Na3 Rb7 19.f4 Nd7 20.Nc4 Qe7 21.e4 Bd4+ 22.Kh2 Nf6
23.Na5 Rb6 24.e5 dxe5 25.d6 Qe6 26.Nc4 Rb4 27.Nxe5 Rab8 28.Ra5 Qxd6 29.Nc6 Rxb2
30.Bxb2 Rxb2 31.Nxd4 Rxc2 32.Nxc2 Bf5 33.Ne3 Bd3 34.Rd1 Qb6 35.Ra2 c4 36.Nd5 Nxd5
37.Bxd5 Qe3 38.Rg1 c3 39.Bb3 Be4 40.h4 c2 41.Rxc2 Qxb3 42.Rd2 h5 43.Rf2 a5
44.Re1 Bd5 45.Rfe2 Bc4 46.Rf2 Qc3  0-1

[Event "21st Troya Open 2013"]
[Site "Canakkale TUR"]
[Date "2013.08.19"]
[Round "4.15"]
[White "Yapici,M"]
[Black "Ersahin,B"]
[Result "0-1"]
[WhiteElo "1852"]
[BlackElo "2193"]

1.d4 Nf6 2.c4 c5 3.d5 e6 4.Nc3 exd5 5.cxd5 d6 6.Nf3 g6 7.e4 a6 8.a4 Bg4 9.Be2 Bxf3
10.Bxf3 Bg7 11.Bf4 O-O 12.Qd2 Re8 13.O-O Qe7 14.a5 Nbd7 15.Rfe1 Rab8 16.Bd1 b5
17.axb6 Rxb6 18.f3 Nh5 19.Be3 Qh4 20.Be2 Be5 21.f4 Nxf4 22.g3 Nxe2+ 23.Qxe2 Qh3
24.Rxa6 Rxa6 25.Qxa6 Nf6 26.Qd3 Ng4 27.Re2 Ra8  0-1

[Event "TCh-POR Div1 Final 2013"]
[Site "Matosinhos POR"]
[Date "2013.08.20"]
[Round "4.4"]
[White "Cross,D"]
[Black "Pena Gomez,M"]
[Result "0-1"]
[WhiteElo "1952"]
[BlackElo "2414"]

1.d4 Nf6 2.c4 c5 3.d5 e6 4.Nc3 exd5 5.cxd5 d6 6.Nf3 g6 7.Nd2 Nbd7 8.e4 Bg7
9.Be2 O-O 10.O-O Re8 11.a4 a6 12.f3 Rb8 13.Nc4 Ne5 14.a5 Nxc4 15.Bxc4 Nh5
16.Be3 b5 17.axb6 Rxb6 18.Qe2 Be5 19.Qf2 f5 20.exf5 gxf5 21.g3 Qf6 22.f4 Bxc3
23.bxc3 Qxc3 24.Be2 Rxe3 25.Bxh5 Rb2  0-1

[Event "9th BDO Challenger"]
[Site "Haarlem NED"]
[Date "2013.08.21"]
[Round "5.2"]
[White "Akshat,Kh"]
[Black "Afek,Y"]
[Result "1-0"]
[WhiteElo "2354"]
[BlackElo "2315"]

1.d4 Nf6 2.c4 e6 3.Nc3 c5 4.d5 exd5 5.cxd5 d6 6.Nf3 g6 7.Bf4 Bg7 8.e3 a6
9.a4 Bg4 10.Qb3 Bxf3 11.gxf3 b6 12.Be2 O-O 13.O-O Nh5 14.Bg3 f5 15.f4 Nd7
16.Rae1 Nhf6 17.Bd3 Qc7 18.e4 c4 19.Qxc4 Qxc4 20.Bxc4 Nxe4 21.Nxe4 fxe4 22.Rxe4 Nc5
23.Re7 Nxa4 24.b4 Nb2 25.Be2 a5 26.bxa5 Rxa5 27.Bg4 Kh8 28.Be6 Nc4 29.Rc7 Rc5
30.Rc6 Bh6 31.Rc1 b5 32.Rb1 Bxf4 33.Rxc5 dxc5 34.Rxb5 Nd6 35.Rb8 Rxb8 36.Bxf4 Rb1+
37.Kg2 Nf5 38.Be5+ Ng7 39.d6 Rd1 40.d7 c4 41.Bf6 c3 42.Bxc3 h5 43.Bf6  1-0

[Event "3rd Isthmia Open"]
[Site "Vrachati GRE"]
[Date "2013.08.21"]
[Round "5.8"]
[White "Vragoteris,A"]
[Black "Karpatchev,A"]
[Result "1/2-1/2"]
[WhiteElo "2261"]
[BlackElo "2475"]

1.Nf3 Nf6 2.d4 c5 3.d5 e6 4.c4 exd5 5.cxd5 d6 6.Nc3 g6 7.Bf4 a6 8.a4 Bg7
9.h3 O-O 10.e3 Re8 11.Nd2 Nbd7 12.Be2 Ne5 13.O-O b6 14.Bh2 h6 15.f4 Ned7
16.e4 Nh7 17.Nc4 Bxc3 18.bxc3 Ndf6 19.f5 Nxe4 20.fxg6 fxg6 21.Bd3 Nhf6 22.Qf3 Bf5
23.Rae1 b5 24.Bxe4 Nxe4 25.Rxe4 Bxe4 26.Qf7+ Kh8 27.Nxd6 Qg5 28.Qxe8+ Rxe8
29.Nf7+ Kg7 30.Nxg5 hxg5 31.axb5 axb5 32.d6 Bc6 33.Bg3 Re3 34.Kf2 Rd3 35.Be5+ Kg8
36.g3 Rd5 37.Re1 Kf7 38.g4 Rd3 39.Re3 Rxe3 40.Kxe3 Ke6 41.Bg3 Bg2 42.h4  1/2-1/2

[Event "Brasschaat Open 2013"]
[Site "Brasschaat BEL"]
[Date "2013.08.25"]
[Round "9.6"]
[White "Sadkowsky,D"]
[Black "Miesen,F"]
[Result "1-0"]
[WhiteElo "2245"]
[BlackElo "2145"]

1.d4 Nf6 2.c4 c5 3.d5 e6 4.Nc3 exd5 5.cxd5 d6 6.Nf3 g6 7.Bg5 h6 8.Bh4 g5
9.Bg3 Nh5 10.e3 Nxg3 11.hxg3 Bg7 12.Bd3 a6 13.a4 Bg4 14.Qc2 Nd7 15.Nh2 Ne5
16.Nxg4 Nxg4 17.a5 O-O 18.Be2 f5 19.Bxg4 fxg4 20.Qe4 Qd7 21.Ra4 Rae8 22.Qxg4 Qf7
23.O-O Bxc3 24.bxc3 Qxd5 25.Rd1 Qe6 26.Qxe6+ Rxe6 27.Ra2 Rf7 28.Rad2 Rff6
29.Rb2 Rf7 30.Rdb1 Ree7 31.Rb6 Rd7 32.Rd1 Rf6 33.e4 Re6 34.f3 Kf7 35.Rd5 Ke7
36.Kf2 Re5 37.Rxe5+ dxe5 38.Rxh6 Rd2+ 39.Ke3 Rc2 40.Rh7+ Kd8 41.Kd3 Rxg2
42.g4 Rb2 43.Kc4 Rb5 44.Kd5 Rxa5 45.Kd6 Ke8 46.Rxb7 Ra3 47.Re7+ Kf8 48.Rxe5 Rxc3
49.Rxc5 Rd3+ 50.Ke6 Ra3 51.Rf5+ Kg7 52.Rxg5+ Kh6 53.Rf5 a5 54.Kf7 a4 55.Rh5+  1-0

[Event "e2e4 Coventry Open"]
[Site "Coventry ENG"]
[Date "2013.08.25"]
[Round "5"]
[White "Jaszkiwskyj,P"]
[Black "Buttell,David"]
[Result "1-0"]
[WhiteElo "1982"]
[BlackElo "1905"]

1.d4 Nf6 2.Nf3 c5 3.d5 e6 4.c4 exd5 5.cxd5 d6 6.Nc3 g6 7.e4 Bg7 8.Bd3 O-O
9.h3 b5 10.Bxb5 Nxe4 11.Nxe4 Qa5+ 12.Nc3 Bxc3+ 13.bxc3 Qxb5 14.Be3 Nd7 15.Qe2 Qxe2+
16.Kxe2 Ba6+ 17.Kd2 Bc4 18.Bf4 Rfe8 19.Rhe1 Bxd5 20.Bxd6 Nf6 21.Kc2 Ne4 22.Bg3 Nxg3
23.fxg3 Be4+ 24.Kb3 Bd5+ 25.c4 Rab8+ 26.Kc3 Be6 27.Re5 f6 28.Ree1 Kf7 29.g4 Rb4
30.Nd2 Rd8 31.Rab1 f5 32.a3 Rxb1 33.Rxb1 fxg4 34.hxg4 Bxg4 35.Ne4 Bf5 36.Rb7+ Rd7
37.Rxd7+ Bxd7 38.Nxc5 Bc6 39.g3 Kf6 40.Kd4 Kf5 41.Ke3 h5 42.Nd3 g5 43.Nb4 Be4
44.c5 a5 45.Na6 Bb7 46.Nb8 h4 47.c6 Bc8 48.Nd7 h3 49.Kf3 g4+ 50.Kf2 Ke6 51.Nb6 Ba6
52.c7 Kd6 53.c8=Q Bxc8 54.Nxc8+ Kc5 55.Ne7 a4 56.Nf5 Kc4 57.Ne3+ Kb3 58.Nxg4 Kxa3
59.Ne5 Kb3 60.Nd3 a3 61.g4 Kc4 62.Nc1 Kd5 63.Kg3 h2 64.Kxh2 Ke6 65.Kg3 Kf6
66.Kf4 Kg6 67.g5 Kg7 68.Kf5 Kg8 69.Kg6  1-0

[Event "3rd Isthmia Open"]
[Site "Vrachati GRE"]
[Date "2013.08.25"]
[Round "9.16"]
[White "Stathopoulos,I"]
[Black "Kouskoutis,Georgios-Alexandros"]
[Result "1/2-1/2"]
[WhiteElo "2248"]
[BlackElo "1917"]

1.d4 Nf6 2.c4 e6 3.Nf3 c5 4.d5 d6 5.Nc3 exd5 6.cxd5 g6 7.g3 Bg7 8.Bg2 O-O
9.O-O a6 10.a4 Re8 11.Nd2 Nbd7 12.a5 Ne5 13.f4 Neg4 14.Nc4 h5 15.Nb6 Rb8
16.e4 Nd7 17.Nxc8 Rxc8 18.Kh1 c4 19.h3 Ngf6 20.Ra4 Rc5 21.Bd2 Rxa5 22.Rxc4 Rc5
23.Ra4 Rc8 24.Ra2 Nc5 25.Qb1 Qe7 26.Re1 Nb3 27.Be3 Nd7 28.Ra3 Ndc5 29.Qd1 Bxc3
30.bxc3 Nxe4 31.Rxb3 Nxg3+ 32.Kg1 Nf5 33.Bd2 Qc7 34.Rb4 b5 35.Kh2 Qc5 36.Rbe4 Rxe4
37.Rxe4 a5 38.Re2 Kg7 39.Be4 Re8 40.Bxf5 Rxe2+ 41.Qxe2 gxf5 42.Qg2+ Kf8 43.Qf3 a4
44.Be1 Ke8 45.Bh4 Qc4 46.Qe3+ Qe4 47.Qxe4+ fxe4 48.Bf6 Kd7 49.Kg3 Kc7 50.Kf2 Kb6
51.Bd4+ Ka5 52.f5 a3 53.Ke3 Ka4 54.Kxe4 Kb3 55.Kd3 a2 56.c4 bxc4+ 57.Kd2  1/2-1/2

[Event "15th Sants Open 2013"]
[Site "Barcelona ESP"]
[Date "2013.08.26"]
[Round "4.10"]
[White "Aloma Vidal,R"]
[Black "Cabrera,Ale"]
[Result "1-0"]
[WhiteElo "2410"]
[BlackElo "2544"]

1.d4 Nf6 2.c4 c5 3.d5 e6 4.Nc3 exd5 5.cxd5 d6 6.Nf3 g6 7.Bf4 a6 8.a4 Bg7
9.h3 O-O 10.e3 Re8 11.Be2 Ne4 12.Nxe4 Rxe4 13.Nd2 Rb4 14.O-O Rxb2 15.Nc4 Rb4
16.Rb1 Rxc4 17.Bxc4 Bf8 18.e4 Nd7 19.Qd2 Qc7 20.a5 Bg7 21.Rfc1 Bf6 22.Rb3 Bd8
23.Ra1 f6 24.Be2 Be7 25.h4 Nf8 26.Rab1 Kf7 27.Bg3 Qd7 28.Rb6 Qc7 29.Qf4 Nd7
30.Rxd6 Qxa5 31.Rxd7 Bxd7 32.Rxb7 Rd8 33.Bc4 Ke8 34.d6 Qa1+ 35.Kh2 Bf8 36.e5 Qxe5
37.Qf3  1-0

[Event "11th Kesan Open"]
[Site "Edirne TUR"]
[Date "2013.08.28"]
[Round "4.19"]
[White "Dogan,Halit"]
[Black "Romi,I"]
[Result "0-1"]
[WhiteElo "1525"]
[BlackElo "2023"]

1.Nf3 Nf6 2.d4 e6 3.c4 c5 4.d5 exd5 5.cxd5 d6 6.Nc3 g6 7.e4 Bg7 8.Be2 O-O
9.O-O Bg4 10.Qc2 Re8 11.h3 Bxf3 12.Bxf3 a6 13.Bf4 Qc7 14.Rab1 Nbd7 15.a3 Rac8
16.Rfc1 b5 17.b3 Nb6 18.Na2 Nfd7 19.Bg4 h5 20.Bxd7 Nxd7 21.Be3 Nf6 22.f3 Nxd5
23.Bf2 Ne7 24.Qd2 Red8 25.Rd1 d5 26.Rbc1 dxe4 27.Qg5 Rxd1+ 28.Rxd1 exf3 29.Re1 Nf5
30.Nc1 fxg2 31.Nd3 c4 32.Nf4 Bh6 33.Qf6 Qxf4 34.Bd4 Qxd4+  0-1

[Event "TCh-SRB 1st League 2013"]
[Site "Kragujevac SRB"]
[Date "2013.08.29"]
[Round "6.2"]
[White "Miljkovic,Mir1"]
[Black "Indjic,A"]
[Result "1/2-1/2"]
[WhiteElo "2456"]
[BlackElo "2549"]

1.d4 Nf6 2.c4 c5 3.d5 e6 4.Nc3 exd5 5.cxd5 d6 6.Nf3 g6 7.Bf4 a6 8.a4 Bg7
9.h3 O-O 10.e3 Re8 11.Nd2 Nbd7 12.Be2 Ne5 13.O-O Nfd7 14.Bh2 f5 15.Re1 Qf6
16.Kh1 Nf7 17.Nc4 Nfe5 18.Nd2 Nf7 19.Nc4 Rb8 20.a5 Nfe5 21.Nd2 b5 22.axb6 Rxb6
23.Qc2 Bb7 24.f4 Nf7 25.e4 fxe4 26.Ndxe4 Qd8 27.Bg4 Nf8 28.Bf3 Bc8 29.g4 Bd7
30.Qg2 Qb8 31.Re2 Bb5 32.Nxb5 Rxb5 33.Rxa6 Rxb2 34.Rxb2 Bxb2 35.Bg3 Bd4 36.Kh2 Qb1
37.h4 Rb8 38.Ra2 c4 39.Rc2 Rb5 40.Rxc4 Rb2 41.Rxd4 Rxg2+ 42.Kxg2 Nd7 43.Bf2 Qc1
44.g5 Kf8 45.Ng3 Nc5 46.h5 gxh5 47.Nxh5 Qc2 48.Nf6 h6 49.Bd1 Qb1 50.Bg4 hxg5
51.Nd7+ Nxd7 52.Bxd7 Qg6 53.fxg5 Ne5 54.Be6 Qxg5+ 55.Bg3 Qe3 56.Rf4+ Kg7
57.Rf5 Qe4+ 58.Kg1 Qe2 59.Rf2 Qe3 60.Kg2 Qe4+ 61.Kg1 Nc4 62.Rf7+ Kh6 63.Rf2 Ne5
64.Bf4+ Kg7 65.Rg2+ Ng6 66.Bxd6 Qd4+  1/2-1/2

[Event "Nordeste IM 2013"]
[Site "Natal BRA"]
[Date "2013.08.29"]
[Round "2.2"]
[White "Pinto,C"]
[Black "Rodi,L"]
[Result "0-1"]
[WhiteElo "2075"]
[BlackElo "2377"]

1.d4 c5 2.d5 Nf6 3.c4 e6 4.Nc3 exd5 5.cxd5 d6 6.Nf3 g6 7.g3 Bg7 8.Bg2 O-O
9.O-O a6 10.a4 Nbd7 11.h3 Re8 12.Bf4 Qc7 13.Re1 Ne4 14.Qc2 Ndf6 15.Nd2 Nxd2
16.Qxd2 Bd7 17.a5 Rab8 18.e4 Nh5 19.Be3 b5 20.axb6 Rxb6 21.g4 Nf6 22.Bf4 Reb8
23.Ra2 Ne8 24.Bf1 Bc8 25.Bc4 Qe7 26.b3 Qh4 27.Kg2 Qe7 28.Bg3 h5 29.f3 Bd4
30.f4 Bxc3 31.Qxc3 hxg4 32.hxg4 Bxg4 33.e5 Bf5 34.Rae2 Qb7 35.Re3 Be6 36.Qd3 Nc7
37.Rd1 dxe5 38.Qe4 Bf5 39.Qxe5 Re8 40.Qc3 Rbe6 41.Re5 Be4+ 42.Kf2 Rxe5 43.fxe5 Nxd5
44.Bxd5 Bxd5 45.Bh4 Bxb3 46.Bf6 Bxd1  0-1

[Event "Petersburg Summer Rapid 2013"]
[Site "St Petersburg RUS"]
[Date "2013.09.01"]
[Round "9.9"]
[White "Levin,Ev"]
[Black "Shimanov,A"]
[Result "1/2-1/2"]
[WhiteElo "2505"]
[BlackElo "2655"]

1.d4 Nf6 2.c4 c5 3.d5 e6 4.Nc3 exd5 5.cxd5 d6 6.Nf3 g6 7.Nd2 Bg7 8.e4 O-O
9.Be2 Re8 10.O-O Na6 11.Kh1 Nc7 12.f3 b6 13.a4 Rb8 14.Nc4 Ba6 15.Bg5 Qd7
16.Ne3 Bxe2 17.Qxe2 a6 18.Qf2 h6 19.Bxf6 Bxf6 20.Ng4 Bg7 21.Qh4 h5 22.Nf6+ Bxf6
23.Qxf6 b5 24.axb5 axb5 25.Nd1 Qe7 26.Qf4 Ra8 27.Ne3 Rxa1 28.Rxa1 Ra8 29.Rxa8+ Nxa8
30.g4 hxg4 31.Nxg4 Nb6 32.Kg2 Nd7 33.h4 Kf8 34.Qh6+ Ke8 35.h5 Nf8 36.Qh8 gxh5
37.Nf6+ Kd8 38.Nh7 Ke8 39.Nf6+  1/2-1/2

[Event "12th Kesarovski Mem"]
[Site "Sunny Beach BUL"]
[Date "2013.09.03"]
[Round "4.18"]
[White "Zakharchenko,A"]
[Black "Atanasov,R"]
[Result "1-0"]
[WhiteElo "2179"]
[BlackElo "2160"]

1.d4 Nf6 2.c4 c5 3.d5 e6 4.Nc3 exd5 5.cxd5 d6 6.Nf3 g6 7.Bf4 a6 8.a4 Bg7
9.h3 O-O 10.e3 Qe7 11.Nd2 Nbd7 12.Be2 Ne8 13.Nc4 Rb8 14.a5 f5 15.Qd2 Ne5
16.Bxe5 Bxe5 17.O-O f4 18.Nxe5 Qxe5 19.Ra4 fxe3 20.fxe3 Rxf1+ 21.Bxf1 Nf6
22.Qf2 b5 23.axb6 Rxb6 24.Rf4 Nd7 25.Re4  1-0

[Event "12th Kesarovski Mem"]
[Site "Sunny Beach BUL"]
[Date "2013.09.03"]
[Round "4.17"]
[White "Yakimenko,Alex"]
[Black "Hadzimanolis,A"]
[Result "0-1"]
[WhiteElo "2199"]
[BlackElo "2304"]

1.d4 Nf6 2.c4 e6 3.Nc3 c5 4.d5 exd5 5.cxd5 d6 6.Nf3 Be7 7.g3 O-O 8.Bg2 Nbd7
9.O-O Rb8 10.a4 b6 11.Nd2 a6 12.Nc4 Ne5 13.Ne3 b5 14.axb5 axb5 15.h3 Ne8
16.b3 f5 17.f4 Ng6 18.Bb2 Nc7 19.Qd2 Ba6 20.b4 Bc8 21.Rfd1 Na6 22.Na2 Rb6
23.Kh2 Re8 24.Rab1 Bf8 25.Bf3 Qe7 26.Ng2 Nb8 27.Re1 Qf7 28.Nc1 Nd7 29.Nd3 Bb7
30.Nf2 Nf6 31.Ne3 Ne4 32.Nxe4 fxe4 33.Bg4 Bc8 34.Be6 Bxe6 35.dxe6 Rxe6 36.f5 Ne5
37.Nd5 Nc4 38.Qf4 Re5 39.Nxb6 Rxf5 40.Qxf5 Qxf5 41.Rf1 Qe6 42.bxc5 dxc5 43.Nxc4 Qxc4
44.Rbe1 Qa2 45.Be5 Qe6 46.Bb2 b4 47.Ra1 Qe8 48.Ra7 c4 49.Bd4 c3 50.Rfa1 c2
51.Bb2 Qb5 52.Re1 Qb6  0-1

[Event "12th Izmir Open"]
[Site "Izmir TUR"]
[Date "2013.09.05"]
[Round "5.1"]
[White "Simantsev,M"]
[Black "Fier,A"]
[Result "1/2-1/2"]
[WhiteElo "2465"]
[BlackElo "2592"]

1.d4 Nf6 2.c4 c5 3.d5 e6 4.Nc3 exd5 5.cxd5 d6 6.Nf3 g6 7.Bf4 a6 8.a4 Bg7
9.h3 O-O 10.e3 Re8 11.Nd2 Nbd7 12.Be2 Ne5 13.O-O Nfd7 14.Qc2 f5 15.Rfe1 b6
16.Rac1 Bb7 17.Bh2 Qe7 18.b3 Rf8 19.f4 Nf7 20.e4 Bxc3 21.Qxc3 fxe4 22.Bf3 Qf6
23.Nxe4 Qxc3 24.Nxc3 Rfe8 25.Re6 Nf8 26.Rxe8 Rxe8 27.Kf2 Bc8 28.g4 h6 29.Ne4 Kg7
30.Bg3 Nh7 31.Kg2 Nf6 32.Nxf6 Kxf6 33.Be1 Kg7 34.Bc3+ Kf8 35.Kf2 g5 36.Bd2 Bd7
37.Kg3 b5 38.axb5 Bxb5 39.Re1 gxf4+ 40.Kxf4 Rb8 41.Kg3 Bd3 42.Bd1 Ng5 43.Bf4 Kf7
44.h4 Ne4+ 45.Kf3 Re8 46.Re3 Nd2+ 47.Kf2 Be4 48.g5 Kg8 49.Bxd6 hxg5 50.hxg5 c4
51.bxc4 Nxc4 52.Ba4 Nxe3 53.Bxe8 Nxd5  1/2-1/2

[Event "Svenska Cup 2013"]
[Site "Linkoping SWE"]
[Date "2013.09.06"]
[Round "1.5"]
[White "Lindberg,Bo"]
[Black "Lokander,M"]
[Result "1-0"]
[WhiteElo "2421"]
[BlackElo "2203"]

1.d4 e6 2.c4 Nf6 3.Nf3 c5 4.d5 d6 5.Nc3 exd5 6.cxd5 g6 7.Bf4 a6 8.a4 Bg7
9.e3 Nh5 10.Bg5 Bf6 11.Bh6 Bg7 12.Bxg7 Nxg7 13.Nd2 Nd7 14.Nc4 Nb6 15.Na3 Bd7
16.Qb3 O-O 17.a5 Nc8 18.Qxb7 Ra7 19.Qb8 Qxa5 20.Nc2 Qb6 21.Qxb6 Nxb6 22.Rxa6 Rxa6
23.Bxa6 Ra8 24.Be2 Ba4 25.Kd2 Bb3 26.Na1 Bc4 27.Bxc4 Nxc4+ 28.Kc2 Rb8 29.b3 Na3+
30.Kb2 Nc4+ 31.Kc1 Ne5 32.Kd2 Nf5 33.g3 c4 34.Kc2 cxb3+ 35.Nxb3 Ng4 36.Nd1 Nf6
37.Nc3 Ng4 38.Ne4 Re8 39.Nbd2 h5 40.h3 Rc8+ 41.Kb2 Ne5 42.Ra1 Nd3+ 43.Kb3 Kg7
44.g4 hxg4 45.hxg4 Ne7 46.Ra5 Rb8+ 47.Kc3 Ne5 48.Nxd6 Nxg4 49.N6e4 Rd8 50.d6 Nc8
51.Ra8 Ne5 52.Nc5 Nc6 53.Nb7 Rh8 54.d7 Nb6 55.Rxh8 Kxh8 56.d8=Q+ Nxd8 57.Nxd8 Kg7
58.Kd4 Nd7 59.Ne4 f5 60.Ne6+ Kh6 61.N6c5 Nf8 62.Nf6 Kg5 63.Ke5 Kh4 64.Ne6 Nxe6
65.Kxe6 Kh3 66.f4 Kh4 67.Nd5 g5 68.fxg5 Kxg5 69.Ke5 Kg4 70.Ne7  1-0

[Event "12th Kesarovski Mem"]
[Site "Sunny Beach BUL"]
[Date "2013.09.06"]
[Round "7.16"]
[White "Nikolov,Sas"]
[Black "Hadzimanolis,A"]
[Result "1-0"]
[WhiteElo "2382"]
[BlackElo "2304"]

1.d4 Nf6 2.c4 c5 3.d5 e6 4.Nc3 exd5 5.cxd5 d6 6.Nf3 g6 7.h3 Bg7 8.Bf4 O-O
9.e3 a6 10.a4 Qe7 11.Be2 Nbd7 12.O-O Rb8 13.Bh2 Ne8 14.Qc2 Nc7 15.Rfd1 Ne5
16.Rab1 a5 17.Nd2 f5 18.Re1 b6 19.Nc4 Na6 20.Nb5 Nb4 21.Qd2 Rd8 22.Bxe5 Bxe5
23.f4 Bg7 24.Bf3 Ba6 25.e4 Bxb5 26.axb5 Bd4+ 27.Kh2 Qd7 28.exf5 Qxb5 29.b3 a4
30.Re6 axb3 31.Qe2 Rf8 32.fxg6 Rxf4 33.Be4 Re8 34.Bd3 Ref8 35.Re7 hxg6 36.Qe6+ R8f7
37.Bxg6  1-0

[Event "ch-Vienna State 2013"]
[Site "Vienna AUT"]
[Date "2013.09.07"]
[Round "1.2"]
[White "Ganaus,H"]
[Black "Wukits,R"]
[Result "1-0"]
[WhiteElo "2280"]
[BlackElo "2282"]

1.d4 Nf6 2.c4 e6 3.Nf3 c5 4.d5 exd5 5.cxd5 d6 6.Nc3 g6 7.Nd2 Nbd7 8.e4 Bg7
9.Be2 O-O 10.O-O Re8 11.Re1 Ne5 12.h3 g5 13.Nf1 h6 14.Ne3 a6 15.a4 Rb8 16.Qc2 b6
17.Bd2 Qc7 18.b3 Qb7 19.Rab1 Bf8 20.b4 Qc7 21.b5 a5 22.Rbd1 Ng6 23.Bf1 Nd7
24.Ne2 Qd8 25.Ng3 Nde5 26.Nef5 Rb7 27.Nh5 f6 28.Qc3 Rf7 29.Bc1 Ne7 30.g4 Nxf5
31.gxf5 Bg7 32.f4 Nd7 33.Kh1 Rfe7 34.Bg2 Rf8 35.Bf3 Qe8 36.Ng3 Bb7 37.Bh5 Qa8
38.Bg6 Rc8 39.Nh5 Rf8 40.h4 Bh8 41.Bb2 Rfe8 42.Bxe8 Qxe8 43.Qf3 Qf7 44.Kh2  1-0

[Event "ch-Vienna State 2013"]
[Site "Vienna AUT"]
[Date "2013.09.13"]
[Round "7.5"]
[White "Fauland,A"]
[Black "Wukits,R"]
[Result "1-0"]
[WhiteElo "2439"]
[BlackElo "2282"]

1.d4 Nf6 2.c4 e6 3.Nf3 c5 4.d5 exd5 5.cxd5 d6 6.Nc3 g6 7.Bf4 a6 8.a4 Bg7
9.h3 O-O 10.e3 Qe7 11.Be2 Nbd7 12.O-O Ne8 13.Re1 Ne5 14.Nd2 g5 15.Bg3 f5
16.f4 Nf7 17.Nc4 Rb8 18.Qb3 Nf6 19.fxg5 Nd7 20.h4 Nde5 21.Bh5 Nxc4 22.Bxf7+ Rxf7
23.Qxc4 Bd7 24.a5 b5 25.axb6 Rxb6 26.Rxa6 Rb4 27.Qe2 Be5 28.Ra8+ Kg7 29.Qh5 Be8
30.Qh6+ Kg8 31.Bxe5  1-0

[Event "TCh-CRO Ia Liga 2013"]
[Site "Bol CRO"]
[Date "2013.09.16"]
[Round "3.5"]
[White "Bilobrk,F"]
[Black "Bosiocic,Mari"]
[Result "1/2-1/2"]
[WhiteElo "2393"]
[BlackElo "2563"]

1.d4 Nf6 2.c4 e6 3.Nf3 c5 4.d5 d6 5.Nc3 exd5 6.cxd5 g6 7.Bf4 a6 8.a4 Bg7
9.h3 O-O 10.e3 Ne8 11.Be2 Nd7 12.O-O h6 13.Nd2 Ne5 14.Bh2 f5 15.f4 Nf7 16.e4 Bd4+
17.Kh1 fxe4 18.Ndxe4 Ng7 19.g4 Qh4 20.Kg2 Bd7 21.Bg3 Qe7 22.Re1 Rae8 23.Bd3 Qd8
24.Qc2 h5 25.Be2 hxg4 26.hxg4 Nh6  1/2-1/2

[Event "TCh-CRO 2a Liga 2013"]
[Site "Bol CRO"]
[Date "2013.09.16"]
[Round "3.5"]
[White "Franic,M"]
[Black "Vernacki,S"]
[Result "1/2-1/2"]
[WhiteElo "2404"]
[BlackElo "2336"]

1.d4 Nf6 2.c4 e6 3.Nc3 c5 4.d5 exd5 5.cxd5 d6 6.Nf3 g6 7.e4 Bg7 8.Be2 O-O
9.Nd2 Re8 10.O-O Nbd7 11.Re1 a6 12.a4 g5 13.Ra3 Ne5 14.Nf1 h6 15.Ng3 Ng6
16.Qc2 Nf4 17.Bd2 Rb8 18.Nd1 b5 19.axb5 axb5 20.Ne3 b4 21.Ra7 h5 22.f3 b3
23.Qc1 Qb6 24.Ra3 h4 25.Ngf5 Bxf5 26.Nxf5 N6xd5 27.Nxg7 Kxg7 28.Bc4 Nb4 29.g3 Ng6
30.Qc3+ f6 31.Rxb3 d5 32.exd5 hxg3 33.hxg3 Qd6 34.Kg2 Nxd5 35.Rxb8 Rxb8 36.Qd3 Rd8
37.Bxd5 Qxd5 38.Qxd5 Rxd5 39.Bc3 Ne5 40.Re4 Kg6 41.Kf2 Kf5 42.Ra4 Rd3 43.Ke2 Rd6
44.Ra8 Ke6 45.Re8+ Kd5 46.f4 gxf4 47.gxf4 Nc6  1/2-1/2

[Event "TCh-CRO 2a Liga 2013"]
[Site "Bol CRO"]
[Date "2013.09.22"]
[Round "9.5"]
[White "Curic,D"]
[Black "Bozinovic,Bog"]
[Result "1/2-1/2"]
[WhiteElo "2245"]
[BlackElo "2182"]

1.d4 Nf6 2.c4 c5 3.d5 e6 4.Nc3 exd5 5.cxd5 d6 6.Nf3 g6 7.g3 Bg7 8.Bg2 O-O
9.O-O Re8 10.Nd2 b6 11.Nc4 Ba6 12.Qb3 Bxc4 13.Qxc4 a6 14.a4 b5 15.Qd3 b4
16.Nd1 a5 17.Ne3 Nbd7 18.Bd2 Ne5 19.Qc2 Nfg4 20.Nxg4 Nxg4 21.h3 Ne5 22.Rae1 Rc8
23.f4 Nd7 24.e4 c4 25.Rf3 Nb6 26.Be3 b3 27.Qf2 Rxe4 28.f5 Nd7 29.fxg6 fxg6
30.Bg5 Rxe1+ 31.Qxe1 Qb6+ 32.Kh1 Ne5 33.Bf6 c3 34.Bxg7 Nxf3 35.Bxf3 Kxg7
36.Qe7+ Kh6 37.Qh4+ Kg7 38.Qe7+  1/2-1/2

[Event "23rd EYCC Open U16 2013"]
[Site "Budva MNE"]
[Date "2013.09.29"]
[Round "1.9"]
[White "Ladva,O"]
[Black "Maksimov,Dmitri"]
[Result "1/2-1/2"]
[WhiteElo "2321"]
[BlackElo "2044"]

1.d4 Nf6 2.c4 c5 3.d5 e6 4.Nc3 exd5 5.cxd5 d6 6.Nf3 g6 7.Bf4 a6 8.a4 Nh5
9.Bg5 Qc7 10.e4 h6 11.Be3 Nd7 12.Nd2 Bg7 13.Be2 Nhf6 14.Nc4 O-O 15.O-O Re8
16.Bf4 Bf8 17.Qc2 Nb6 18.Na3 Bd7 19.Bg3 Nxa4 20.Nxa4 b5 21.Nc3 b4 22.Nab1 bxc3
23.Nxc3 Qb6 24.f4 Rab8 25.Ra2 Qb4 26.Bf3 a5 27.Kh1 Bg4 28.Bxg4 Nxg4 29.Qe2 Nf6
30.e5 Nh5 31.e6 fxe6 32.dxe6 Qb3 33.f5 Nxg3+ 34.hxg3 gxf5 35.Rxf5 Qxe6 36.Qg4+ Bg7
37.Rxa5 Rxb2 38.Ra7 Re7 39.Rxe7 Qxe7 40.Ne4 Rb4 41.Rf4 Kh7 42.Qf5+ Kh8 43.Qg6 d5
44.Nf6 Bxf6 45.Rxf6 Rg4 46.Qxg4 Qxf6 47.Qc8+ Kg7 48.Qxc5  1/2-1/2

[Event "12th Forchheim Open A 2013"]
[Site "Forchheim GER"]
[Date "2013.09.29"]
[Round "4.21"]
[White "Liepold,S"]
[Black "Zeltner,O"]
[Result "0-1"]
[WhiteElo "2178"]
[BlackElo "2030"]

1.d4 Nf6 2.c4 e6 3.Nc3 c5 4.d5 exd5 5.cxd5 d6 6.Nf3 g6 7.Bf4 Bg7 8.e3 O-O
9.h3 Bf5 10.Bd3 Bxd3 11.Qxd3 a6 12.a4 Qe7 13.O-O Nbd7 14.a5 Rfe8 15.Rfd1 Rad8
16.Bh2 Rc8 17.Ra4 Red8 18.Qe2 Ne8 19.Nd2 Be5 20.Bxe5 Qxe5 21.Nc4 Qe7 22.e4 Rb8
23.Re1 Nc7 24.Ra2 Nb5 25.Nxb5 axb5 26.Na3 b4 27.Nc4 Ra8 28.b3 Ra6 29.f4 f6
30.Rd2 Rda8 31.h4 b5 32.axb6 Nxb6 33.e5 Nxc4 34.Qxc4 Ra1 35.Re2 Rxe1+ 36.Rxe1 fxe5
37.fxe5 Re8 38.e6 Qf6 39.Qe4 Rf8 40.Kh2 Qf2  0-1

[Event "Caissa IM September 2013"]
[Site "Kecskemet HUN"]
[Date "2013.09.29"]
[Round "9.3"]
[White "Sarosi,Z"]
[Black "Rudakov,A"]
[Result "1/2-1/2"]
[WhiteElo "2265"]
[BlackElo "2209"]

1.d4 Nf6 2.c4 c5 3.d5 e6 4.Nc3 exd5 5.cxd5 d6 6.Nf3 g6 7.Nd2 Bg7 8.e4 O-O
9.Be2 a6 10.a4 Nbd7 11.O-O Qc7  1/2-1/2

[Event "23rd EYCC Open U16 2013"]
[Site "Budva MNE"]
[Date "2013.10.02"]
[Round "4.8"]
[White "Faizrakhmanov,Ramil"]
[Black "Sibashvili,G"]
[Result "1-0"]
[WhiteElo "2343"]
[BlackElo "2180"]

1.d4 Nf6 2.c4 c5 3.d5 e6 4.Nc3 exd5 5.cxd5 d6 6.Nf3 g6 7.Bf4 a6 8.a4 Bg7
9.h3 O-O 10.e3 Re8 11.Nd2 Nbd7 12.Be2 Ne5 13.O-O Nfd7 14.Bh2 f5 15.a5 Rb8
16.Qc2 Qf6 17.Kh1 b5 18.axb6 Rxb6 19.Ra2 Bb7 20.Rfa1 Rb8 21.f4 Nf7 22.Nc4 Rb4
23.Na5 Rxb2 24.Qxb2 Ba8 25.Qc1 Qxc3 26.Nc6 Rb6 27.Qxc3 Bxc3 28.Rxa6 Bxc6
29.dxc6 Rxc6 30.Rxc6 Bxa1 31.Bc4 Nf6 32.Rxd6 Kf8 33.Rc6 Ne4 34.Rc8+ Kg7 35.Rc7 Nd6
36.Bxf7 Nxf7 37.Rxc5 Kf6 38.Bg3 Nd6 39.Be1 Ne4 40.Rc1 Bb2 41.Rb1 Ba3 42.Bb4  1-0

[Event "39th National ch-BAN"]
[Site "Dhaka BAN"]
[Date "2013.10.03"]
[Round "11.1"]
[White "Abdulla,AlR"]
[Black "Abu Sufian,S"]
[Result "1-0"]
[WhiteElo "2510"]
[BlackElo "2354"]

1.d4 Nf6 2.c4 c5 3.d5 e6 4.Nc3 exd5 5.cxd5 d6 6.Nf3 g6 7.Bg5 Bg7 8.Nd2 O-O
9.e4 b6 10.Bc4 h6 11.Bh4 Nbd7 12.f4 g5 13.Bg3 gxf4 14.Bxf4 Qe7 15.O-O Ne5
16.Be2 Ng6 17.Bg3 Nd7 18.Nc4 Nde5 19.Ne3 Re8 20.Kh1 a6 21.a4 Qg5 22.Nf5 Qd8
23.Qd2 Kh7 24.Ra3 Ra7 25.Nd1 Bxf5 26.Rxf5 Bf6 27.Qc2 Bg5 28.Ne3 Qd7 29.Rf1 Bxe3
30.Rxe3 b5 31.Be1 Kg7 32.Rh3 b4 33.Bd2 Rh8 34.Rf5 a5 35.b3 Rc7 36.Bc1 c4
37.bxc4 Qc8 38.Bb2 Kg8 39.Rf1 Rh7 40.Rc1 h5 41.Rg3 h4 42.Rg5 f6 43.Rf5 Rhf7
44.h3 Kg7 45.Bd4 Qb8 46.Qb3 Rf8 47.Bh5 Ne7 48.Rf4 N7g6 49.Rf2 Qc8 50.Be2 Nd7
51.Bg4 Qe8 52.Qe3 Nc5 53.Bf5 Ne5 54.Rg1 Ncd3 55.Rd2 Nc5 56.g3 Rh8 57.gxh4+ Kf8
58.Rdg2 Qh5 59.Bxc5 Rxc5 60.Qg3 Rc7 61.Qe3 Nxc4 62.Qd4 Qxh4 63.Rg6 Rf7 64.Qxc4  1-0